MARC

LEADER 00000nab a2200000 a 4500
001 vtls000400125
003 SK-MaSNL
005 20260303180611.0
008 230120c1990 xo 0 slo
015 |a SNBRB19rr/mm-uuuuu 
035 |a CL0400249 
035 |a urn:nbn:sk:snk-abdo3o 
035 |a (urnnbn)urn:nbn:sk:snk:ar-000xfb 
035 |a (uuid)fde03d56-350e-4691-b6aa-b219c898b4bb 
040 |a SNKBUCL  |b slo  |c SNKBUCL  |e AACR2 
041 0 |a slo 
044 |a xo  |c SK 
080 |a 792.075  |2 1981 
080 |a 792(47)  |2 1981 
080 |a 929 Spesivcev, Vjačeslav  |2 1981 
100 1 |a Ľutyj, Viačeslav  |4 aut  |9 1206577 
245 1 0 |a Dajbože  |c Viačeslav Ľutyj 
300 |b Fot. 3. 
600 1 7 |a Solženicyn, Aleksandr Isajevič,  |d 1918-2008  |t Súostrovie Gulag  |2 snkbucl  |9 119174 
600 1 7 |a Spesivcev, Vjačeslav  |t Súostrovie Gulag  |2 snkbucl  |9 1206578 
610 2 7 |a Moskovské experimentálne divadlo V. Spesivceva (Moskva, Rusko)  |2 snkbucl  |9 1206579 
648 7 |a 1990  |2 snkbucl  |9 276735 
650 0 7 |a činohry  |2 snkbucl  |9 3325 
650 0 7 |a divadelné inscenácie  |2 snkbucl  |9 3326 
651 7 |a Spišská Nová Ves (Slovensko)  |2 snkbucl  |9 28800 
655 7 |a recenzie  |2 snkbucl  |9 21907 
655 7 |a články z novín a časopisov  |2 snkbucl  |9 267496 
773 0 |t Javisko  |g Roč. 22, č. 11 (1990), s. 695-697 
850 |a Slovenská národná knižnica v Martine  |a MTA001 
852 |a SNK  |b KIS3GCP 
954 |a odborná, vedecká literatúra pôvodná (slovenská)  |2 lita 
958 |a OND 
958 |a EUIPO 
958 |a article19 
992 |a RBX 
999 |c 2107027  |d 2108957